00533 2200205 4500001002100000005001500021035002000036007000300056008004100059020002200100082000800122084001400130100001000144245004700154250001100201260004100212300004300253650001300296700001800309INLIS00000000000074920210429091729 a0010-0421000202ta210429 g 0 ind  a978-602-224-028-0 a927 a927 YAN s0 aYanti1 aSeniman dan Budayawan Jawa Tengah /cYanti aCet. 2 aJakarta :bCV. Ghina Walafafa,c2011 avi + 86 hlm. :bilus. ;c17,5 x 25 cm. aBiografi0 aErna Saelasmi